|
|
|
|
| LEADER |
01135nam a2200313Ia 4500 |
| 001 |
EBC227708 |
| 003 |
MiAaPQ |
| 005 |
20200520144314.0 |
| 006 |
m o d | |
| 007 |
cr cn||||||||| |
| 008 |
021105s2004 at a sb 001 0 eng d |
| 020 |
|
|
|z 1740760867
|
| 035 |
|
|
|a (MiAaPQ)EBC227708
|
| 035 |
|
|
|a (Au-PeEL)EBL227708
|
| 035 |
|
|
|a (CaPaEBR)ebr10078591
|
| 035 |
|
|
|a (OCoLC)57004829
|
| 040 |
|
|
|a MiAaPQ
|c MiAaPQ
|d MiAaPQ
|
| 050 |
|
4 |
|a HC412
|b .O35 2004
|
| 100 |
1 |
|
|a Oakman, Daniel.
|
| 245 |
1 |
0 |
|a Facing Asia
|h [electronic resource] :
|b history of the Colombo plan /
|c Daniel Oakman.
|
| 260 |
|
|
|a Canberra :
|b Pandanus Books,
|c c2004.
|
| 300 |
|
|
|a 323 p. :
|b ill.
|
| 504 |
|
|
|a Includes bibliographical references and index.
|
| 533 |
|
|
|a Electronic reproduction. Ann Arbor, MI : ProQuest, 2015. Available via World Wide Web. Access may be limited to ProQuest affiliated libraries.
|
| 650 |
|
0 |
|a Economic assistance
|z Asia.
|
| 651 |
|
0 |
|a Asia
|x Economic policy.
|
| 655 |
|
4 |
|a Electronic books.
|
| 710 |
2 |
|
|a ProQuest (Firm)
|
| 856 |
4 |
0 |
|u https://ebookcentral.proquest.com/lib/matrademy/detail.action?docID=227708
|z Click to View
|